Comunicación que funciona: claves para triunfar en la vida y la profesión desde la comunicación (Registro nro. 13150)

Detalles MARC
000 -Cabecera
Campo de control de longitud fija 01854nam a22005897a 4500
005 - Fecha y hora de la última transacción
Campo de control 20250918151032.0
008 - Elementos de longitud fija--Información general
Campo de control de longitud fija 210819b2019 xxu||||| |||| 00| 0 spa d
020 ## - International Standard Book Number
Número Internacional Estándar del Libro (ISBN) 9788417513825
041 ## - Idioma
Código de idioma Español
082 ## - Clasificación Decimal Dewey
Número de clasificación 302.2 F142c
100 ## - Entrada principal--Autor personal
Nombre personal Facta, Bernardo
245 ## - Título propiamente dicho
Título Comunicación que funciona: claves para triunfar en la vida y la profesión desde la comunicación
260 ## - Pie de imprenta
Lugar de publicación, distribución, etc. España
260 ## - Pie de imprenta
Nombre del editor, distribuidor, etc. ESIC
260 ## - Pie de imprenta
Fecha de publicación, distribución, etc. 2019
300 ## - Descripción física
Extensión 493 páginas
490 ## - Serie
Título de la Serie Temática General
650 ## - Materia general
Temática (materia general) COMUNICACIÓN
650 ## - Materia general
Temática (materia general) IMPORTANCIA DE LA COMUNICACIÓN NO VERBAL
650 ## - Materia general
Temática (materia general) IMPORTANCIA DE LA ESCRITURA
650 ## - Materia general
Temática (materia general) COMUNICACIÓN POR E-MAIL
650 ## - Materia general
Temática (materia general) GESTIÓN DE LA COMUNICACIÓN CONFLICTIVA
650 ## - Materia general
Temática (materia general) GESTIÓN DE PERSONALIDADES
650 ## - Materia general
Temática (materia general) TIPOS DE INTERLOCUTORES
650 ## - Materia general
Temática (materia general) DIÁLOGO
650 ## - Materia general
Temática (materia general) FEEDBACK
650 ## - Materia general
Temática (materia general) COMUNICACIÓN TRANSACCIONAL
650 ## - Materia general
Temática (materia general) PROGRAMACIÓN NEURO LINGUISTICA
650 ## - Materia general
Temática (materia general) COMUNICACIÓN FORMATIVA
650 ## - Materia general
Temática (materia general) COMUNICACIÓN EXITOSA
650 ## - Materia general
Temática (materia general) TIPOS DE INTELIGENCIA
650 ## - Materia general
Temática (materia general) ESTILOS DE APRENDIZAJE
650 ## - Materia general
Temática (materia general) COMUNICACIÓN TERAPÉUTICA
650 ## - Materia general
Temática (materia general) COMUNICACIÓN NO VERBAL
650 ## - Materia general
Temática (materia general) COMUNICACIÓN DEL COACHING
650 ## - Materia general
Temática (materia general) TÉCNICAS BREVES Y ESTRATÉGIAS DE COMUNICACIÓN
650 ## - Materia general
Temática (materia general) RECEPCIÓN
650 ## - Materia general
Temática (materia general) EMISIÓN PERSUASIVA
650 ## - Materia general
Temática (materia general) COMUNICACIÓN ESCRITA
650 ## - Materia general
Temática (materia general) ENSENCIA DEL ÉXITO
650 ## - Materia general
Temática (materia general) CLAVES DE LA COMUNICACIÓN
650 ## - Materia general
Temática (materia general) COMUNICACIÓN TERAPÉUTICA
650 ## - Materia general
Temática (materia general) COMUNICACIÓN PARA LA VENTA
650 ## - Materia general
Temática (materia general) NEGOCIACIÓN INTEGRATIVA
650 ## - Materia general
Temática (materia general) GESTIÓN DEL TIEMPO
650 ## - Materia general
Temática (materia general) LIDERAZGO
650 ## - Materia general
Temática (materia general) MOTIVACIÓN
650 ## - Materia general
Temática (materia general) PRESENTACIÓNES AUDIOVISUALES
650 ## - Materia general
Temática (materia general) COMUNICACIÓN PÚBLICA
650 ## - Materia general
Temática (materia general) TÉCNICAS AVANZADAS DE COMUNICACIÓN
942 ## - Punto de acceso adicional KOHA
Tipo de ítem KOHA Libro
Fuente del sistema de clasificación o colocación Dewey Decimal Classification
Existencias
Signatura completa Código de barras Programa Académico Tipo de ítem
302.2 F142c 25355 Temática General Libro